<?xml version="1.0" encoding="UTF-8"?>
<marc:record xmlns:marc="http://www.loc.gov/MARC21/slim">
   <marc:leader>00000nam a2200000 a 4500</marc:leader>
   <marc:datafield ind1="1" ind2=" " tag="100">
      <marc:subfield code="a">Holzer, Michael</marc:subfield>
      <marc:subfield code="4">aut</marc:subfield>
      <marc:subfield code="e">Verfasser/-in</marc:subfield>
   </marc:datafield>
   <marc:datafield ind1="1" ind2=" " tag="100">
      <marc:subfield code="a">Haselböck, Klaus</marc:subfield>
      <marc:subfield code="4">aut</marc:subfield>
      <marc:subfield code="e">Verfasser/-in</marc:subfield>
   </marc:datafield>
   <marc:datafield ind1="1" ind2=" " tag="100">
      <marc:subfield code="a">Lukas, Elisabeth</marc:subfield>
   </marc:datafield>
   <marc:datafield ind1=" " ind2=" " tag="653">
      <marc:subfield code="a">Bergsteigen</marc:subfield>
   </marc:datafield>
   <marc:datafield ind1=" " ind2=" " tag="653">
      <marc:subfield code="a">Logotherapie</marc:subfield>
   </marc:datafield>
   <marc:datafield ind1=" " ind2=" " tag="653">
      <marc:subfield code="a">Leben</marc:subfield>
   </marc:datafield>
   <marc:datafield ind1=" " ind2=" " tag="653">
      <marc:subfield code="a">Wiener Schule</marc:subfield>
   </marc:datafield>
   <marc:datafield ind1=" " ind2=" " tag="653">
      <marc:subfield code="a">Klettern</marc:subfield>
   </marc:datafield>
   <marc:datafield ind1="0" ind2="0" tag="245">
      <marc:subfield code="a">Berg und Sinn</marc:subfield>
   </marc:datafield>
   <marc:datafield ind1="0" ind2="0" tag="245">
      <marc:subfield code="b">im Nachstieg von Viktor Frankl</marc:subfield>
   </marc:datafield>
   <marc:datafield ind1="0" ind2="0" tag="245">
      <marc:subfield code="c">Michael Holzer, Klaus Haselböck</marc:subfield>
   </marc:datafield>
   <marc:datafield ind1=" " ind2="1" tag="264">
      <marc:subfield code="a">Salzburg</marc:subfield>
      <marc:subfield code="b">Bergwelten</marc:subfield>
      <marc:subfield code="c">2019</marc:subfield>
   </marc:datafield>
   <marc:datafield ind1=" " ind2=" " tag="250">
      <marc:subfield code="a">1. Aufl.</marc:subfield>
   </marc:datafield>
   <marc:datafield ind1="1" ind2=" " tag="520">
      <marc:subfield code="a">Angaben aus der Verlagsmeldung ## ##  Berg und Sinn : Mit Viktor Frankl im Vorstieg / von Michael Holzer, Klaus Haselböck ## #Klettern mit Frankl. Eine sinngebende Seilschaft.##Über das Klettern stärkte Viktor Frankl seine innere Ressource, die er »Trotzmacht des Geistes« nannte. Gegen seine eigene Höhenangst. Gegen die Nazis. Fur das Überleben in vier Konzentrationslagern.##In den Bergen war der weltweit bekannte Psychiater Viktor Frankl, wie es seine Frau Elly formuliert hat, »einfach nur der Viktor«. Kein außergewöhnlicher Alpinist in Nebenberufung, aber: ein wahrer Freund der Berge aus tiefster Seele. ##Michael Holzer und Klaus Haselböck klettern auf den Spuren Frankls die nach ihm benannten Klettersteige auf der Rax und am Peilstein. Biografische Verweise und Überlagerungen zum Entwicklungsraum Berg zeigen, wo man erstarken, an Herausforderungen wachsen, sich selbst näher sein kann. Elisabeth Lukas, Psychotherapeutin und eine der bekanntesten Schulerinnen von Viktor Frankl, verbindet diese Touren mit einer Verortung und fundierten logotherapeutischen Grundlagen.##Eine Hommage an einen Alpinisten, der dem Sinn des Kletterns eine Sprache gab.</marc:subfield>
   </marc:datafield>
   <marc:datafield ind1=" " ind2=" " tag="020">
      <marc:subfield code="a">9783711200044</marc:subfield>
      <marc:subfield code="9">9783711200044</marc:subfield>
   </marc:datafield>
   <marc:datafield ind1=" " ind2=" " tag="041">
      <marc:subfield code="a">ger</marc:subfield>
   </marc:datafield>
   <marc:datafield ind1=" " ind2=" " tag="300">
      <marc:subfield code="a">183 S.</marc:subfield>
   </marc:datafield>
</marc:record>
